MASH Characters: Movie vs. TV Quiz Stats

 Plays Quiz not verified by Sporcle

Score 0/15 Timer 10:00
0 Plays Today
Movie Actor TV Actor % Correct
Donald SutherlandAlan Alda
100%
Gary BurghoffGary Burghoff
88.9%
Sally KellermanLoretta Swit
82.7%
Robert DuvallLarry Linville
72.1%
Elliott GouldWayne Rogers
68.3%
Roger BowenMcLean Stevenson
63.5%
Rene AuberjonoisWilliam Christopher
62.5%
G. WoodG. Wood
21.6%
Movie Actor TV Actor % Correct
Rene AuberjonoisGeorge Morgan
13.9%
Fred WilliamsonTimothy Brown
10.6%
Carl GottliebJohn Orchard
8.2%
Kim AtwoodPatrick Adiarte
7.2%
Jo Ann PflugKaren Philipp
6.7%
Bud CortBruno Kirby
4.8%
Bud CortRobert Gooden
4.3%

You're not logged in!

Compare scores with friends on all Sporcle quizzes.
OR
Log In

Show Comments

Extras

Created Mar 13, 2012ReportNominate
Tags:mash

Top Quizzes Today


Score Distribution

Your Account Isn't Verified!

In order to create a playlist on Sporcle, you need to verify the email address you used during registration. Go to your Sporcle Settings to finish the process.

Report this User

Report this user for behavior that violates our Community Guidelines.

Details: